Sosyedad at literature (o panitikang panlipunan) / Rolando A. Bernales [and three others]. (Record no. 21572)

000 -LEADER
fixed length control field 00511nam a22001457a 4500
020 ## - INTERNATIONAL STANDARD BOOK NUMBER
ISBN 9789718219966
082 ## - DEWEY DECIMAL CLASSIFICATION NUMBER
Classification number 899.211
Item number B5178 2022
100 ## - MAIN ENTRY--AUTHOR NAME
Personal name Bernales, Rolando A., author.
245 ## - TITLE STATEMENT
Title Sosyedad at literature (o panitikang panlipunan) / Rolando A. Bernales [and three others].
260 ## - PUBLICATION, DISTRIBUTION, ETC. (IMPRINT)
Place of publication Malabon City :
Name of publisher Mutya Publishing House, Inc.,
Year of publication ©2022.
300 ## - PHYSICAL DESCRIPTION
Number of Pages 256 pages :
Other physical details illustrations ; 26 cm.
500 ## - GENERAL NOTE
General note Includes bibliographical references.
650 ## - SUBJECT ADDED ENTRY--TOPICAL TERM
Topical Term Literature -- Philosophy.
942 ## - ADDED ENTRY ELEMENTS (KOHA)
Koha item type Books
Holdings
Source of acquisition Permanent Location Date acquired Koha item type Collection code Accession Number Lost status Shelving location Withdrawn status Current Location Full call number
SchoolCagayan State University - Carig Library2025-12-04BooksLiterature011274 General Collection Cagayan State University - Carig Library899.211 B5178 2022
SchoolCagayan State University - Carig Library2025-12-04BooksLiterature011275 General Collection Cagayan State University - Carig Library899.211 B5178 2022
SchoolCagayan State University - Carig Library2025-12-04BooksLiterature011276 General Collection Cagayan State University - Carig Library899.211 B5178 2022

Cagayan State University University Library, Carig Campus
Tuguegarao City, Cagayan 3500 | www.csucarig.edu.ph

Powered by Koha